| 000 | 00542nam a2200169Ia 4500 | ||
|---|---|---|---|
| 005 | 20250423100334.0 | ||
| 008 | 250422s9999 xx 000 0 und d | ||
| 020 | _a9789788548218 | ||
| 050 | _aHC 1055 .N54/ | ||
| 100 | _aEdited by Ben Aigbokhan & Hassan Oaikhenan | ||
| 245 | 0 | _aNigeria’s socio-economic challenges and development options: an essay in honour of professor (Mrs.) Christiana Ehimen Edenomen Okojie | |
| 260 | _aBenin | ||
| 260 | _bMindex Publishing Company Limited | ||
| 260 | _c2020 | ||
| 300 | _a380 p | ||
| 942 | _cBK | ||
| 999 |
_c33004 _d33004 |
||